Normal view
MARC view
- Eswi, Abeer Saad , Boubaker Zarrad
Entry Personal Name
001 - CONTROL NUMBER
- control field: 5664
003 - CONTROL NUMBER IDENTIFIER
- control field: JO-AjAnu
005 - DATE AND TIME OF LATEST TRANSACTION
- control field: 20230606071223.0
008 - FIXED-LENGTH DATA ELEMENTS
- fixed length control field: 230606|| aca||aabn | a|a d
040 ## - CATALOGING SOURCE
- Original cataloging agency: JO-AjAnu
- Transcribing agency: JO-AjAnu
100 ## - HEADING--PERSONAL NAME
- Personal name: Eswi, Abeer Saad , Boubaker Zarrad
670 ## - SOURCE DATA FOUND
- Source citation: Work cat.: (JO-AjAnu)2928: Eswi, Abeer Saad , Boubaker Zarrad, author, Tuning Moyen-Orient et Afrique du Nord: Les Points de Reference Pour la Conception et la Prestation de Programmes d'Etudes Universitaires en Sciences Infirmieres